[Event "Serbia-chT central"]
[Site "Golubac"]
[Date "2003.??.??"]
[Round "?"]
[White "Brkovic, Bojan"]
[Black "Bugarcic, Ivan"]
[Result "0-1"]
[WhiteElo "2236"]
[BlackElo "2226"]
[PlyCount "79"]
[EventDate "2003.09.27"]
[EventType "team"]
[EventRounds "11"]
[EventCountry "YUG"]
[SourceTitle "CBM 096 Extra"]
[Source "ChessBase"]
[SourceDate "2003.10.22"]
[SourceVersion "2"]
[SourceVersionDate "2003.10.20"]
[SourceQuality "1"]

1. d4 Nf6 2. c4 e6 3. Nc3 Bb4 4. Qc2 0-0 5. a3 Be7 6. e4 d6 7. Nf3 Nc6 8. Be2 e5 9. d5 Nb8 10. 0-0 a5 11. Rb1 a4 12. Ne1 Nbd7 13. Be3 Qe8 14. f3 Nc5 15. Nb5 Bd8 16. Bxc5 dxc5 17. Nd3 Nh5 18. Kh1 b6 19. Qc3 f6 20. Qd2 Bd7 21. g4 Nf4 22. Nxf4 exf4 23. Qxf4 Bxb5 24. cxb5 Qe5 25. Qe3 Re8 26. Qc3 Be7 27. f4 Qxe4+ 28. Bf3 Qd4 29. Qxd4 cxd4 30. d6 Bxd6 31. Bxa8 Rxa8 32. Rbd1 Bc5 33. Kg2 Ra5 34. Rfe1 Kf7 35. Rd2 Rxb5 36. Kf3 Rb3+ 37. Ke4 Ke6 38. Ree2 Rb5 39. Kd3+ Kd5 40. Re8 0-1